<?xml version="1.0" encoding="UTF-8"?>
<record
    xmlns:xsi="http://www.w3.org/2001/XMLSchema-instance"
    xsi:schemaLocation="http://www.loc.gov/MARC21/slim http://www.loc.gov/standards/marcxml/schema/MARC21slim.xsd"
    xmlns="http://www.loc.gov/MARC21/slim">

  <leader>00457nam a22001817a 4500</leader>
  <controlfield tag="005">20240925153229.0</controlfield>
  <controlfield tag="008">221212b        |||||||| |||| 00| 0 eng d</controlfield>
  <datafield tag="020" ind1=" " ind2=" ">
    <subfield code="a">9780385499842</subfield>
  </datafield>
  <datafield tag="041" ind1=" " ind2=" ">
    <subfield code="a">eng</subfield>
  </datafield>
  <datafield tag="082" ind1=" " ind2=" ">
    <subfield code="b">KEL</subfield>
    <subfield code="a">745.4</subfield>
  </datafield>
  <datafield tag="100" ind1=" " ind2=" ">
    <subfield code="a">Kelley Tom</subfield>
    <subfield code="9">208453</subfield>
  </datafield>
  <datafield tag="245" ind1=" " ind2=" ">
    <subfield code="a"> Art of Innovation: Lessons in Creativity from IDEO</subfield>
  </datafield>
  <datafield tag="260" ind1=" " ind2=" ">
    <subfield code="a">New York</subfield>
    <subfield code="b">Currency</subfield>
    <subfield code="c">2000</subfield>
  </datafield>
  <datafield tag="300" ind1=" " ind2=" ">
    <subfield code="a">307</subfield>
  </datafield>
  <datafield tag="365" ind1=" " ind2=" ">
    <subfield code="b">1139.00</subfield>
    <subfield code="c">Rs.</subfield>
  </datafield>
  <datafield tag="650" ind1=" " ind2=" ">
    <subfield code="a">Design</subfield>
    <subfield code="9">180701</subfield>
  </datafield>
  <datafield tag="942" ind1=" " ind2=" ">
    <subfield code="c">BK</subfield>
  </datafield>
  <datafield tag="999" ind1=" " ind2=" ">
    <subfield code="c">83640</subfield>
    <subfield code="d">83640</subfield>
  </datafield>
  <datafield tag="952" ind1=" " ind2=" ">
    <subfield code="0">0</subfield>
    <subfield code="1">0</subfield>
    <subfield code="2">ddc</subfield>
    <subfield code="4">0</subfield>
    <subfield code="7">0</subfield>
    <subfield code="a">SOFT</subfield>
    <subfield code="b">SOFT</subfield>
    <subfield code="d">2022-11-26</subfield>
    <subfield code="e">Amazon</subfield>
    <subfield code="g">1139.00</subfield>
    <subfield code="i">BLR-240762</subfield>
    <subfield code="l">2</subfield>
    <subfield code="o">745.4 KEL</subfield>
    <subfield code="p">SOFT-BK-4082</subfield>
    <subfield code="r">2023-01-30 00:00:00</subfield>
    <subfield code="s">2023-01-19</subfield>
    <subfield code="v">1599.00</subfield>
    <subfield code="w">2022-11-19</subfield>
    <subfield code="y">BK</subfield>
    <subfield code="z">004082</subfield>
  </datafield>
</record>
